載入...

Marine pollution control : legal and managerial frameworks /

書目詳細資料
主要作者: Christodoulou-Varotsi, Iliana
格式: Printed Book
出版: New York, Routledge, 2018.
叢編:Lloyd's practical shipping guides
主題:
LEADER 01699cam a2200217 i 4500
020 |a 9781138856684 (hbk) 
082 0 0 |a 344.046343  |b CHR.M 
100 1 |a Christodoulou-Varotsi, Iliana, 
245 1 0 |a Marine pollution control :  |b legal and managerial frameworks /  |c Iliana Christodoulou-Varotsi. 
260 |a New York,  |b Routledge,  |c 2018. 
300 |a xliv, 340 pages :  |b illustrations ; 
490 0 |a Lloyd's practical shipping guides 
504 |a Includes bibliographical references and index. 
505 0 |a Marine pollution from oil -- The international regulation, prevention, and management of marine environmental pollution created by the offshore oil and gas industry / Wylie Spicer Q.C. and Peter L ʼEsperance -- Marine oil pollution in The United States of America : a framework for prevention and response to marine oil pollution incidents / Antonio Rodriguez and Jake Rodriguez -- Marine pollution from sewage -- Marine pollution from wastes -- Frameworks governing marine pollution from the transportation of chemicals by sea -- Air pollution from shipping -- Other sources of marine pollution : ballast water, harmful substances in anti-fouling systems, ship-breaking activities and other -- Preparedness, response, and cooperation in the context of marine pollution -- The contribution of the human element to marine pollution control -- Legal aspects of marine pollution from ships. 
650 0 |a Marine pollution 
650 0 |a Oil pollution of the sea 
650 0 |a Waste disposal in the ocean 
650 0 |a Ships 
942 |c BK 
999 |c 300909  |d 300909 
952 |0 0  |1 0  |4 0  |6 344_046343000000000_CHR_M  |7 0  |9 321328  |a LAW  |b LAW  |d 2020-09-30  |l 0  |o 344.046343 CHR.M  |p LAW5270  |r 2020-09-30  |w 2020-09-30  |y BK